000 00362nam a22001457a 4500
003 OSt
008 250521b |||||||| |||| 00| 0 eng d
100 _aVedic Gvesak, Acharya Aryanaresh
245 _aVishav Ki Adarshila Par Ek Atyachar
250 _a12th
260 _aNew Delhi
_bArya Prakashan
_c2012
300 _a120
650 _aGeneral
942 _2ddc
_cBK
999 _c13599
_d13599